Real Madrid ou PSG ? - Statistiques

Statistiques générales
  • Ce quiz a été pris 975 fois
    974 depuis la dernière actualisation
  • Le résultat moyen est 10 sur 15
Statistiques - réponses
Question Réponse % Correct
Quel club possède le stade avec le plus de places ? Real Madrid
94%
Quel club détient le record du transfert le plus cher du football ? Paris Saint-Germain
91%
Quel club représente la capitale de son pays ? Les deux
90%
Dans quel club Angel Di Maria est-il resté le plus longtemps ? Paris Saint-Germain
88%
Quel club a été entraîné par Carlo Ancelotti ? Les deux
84%
Quel club a remporté le plus de championnats au cours des dix dernières années ? Paris Saint-Germain
83%
Quel club est détenu par une société étrangère ? Paris Saint-Germain
78%
Dans quel club a joué Raymond Kopa ? Real Madrid
75%
Quel club a perdu le plus de finale de Ligue des Champions ? Real Madrid
70%
Quel est le club de cœur de Kylian Mbappé ? Real Madrid
67%
Quel club a remporté la dernière confrontation entre ces deux équipes ? Real Madrid
67%
Quel club a son plus grand rival sur la côte de la Mer Méditerranée ? Les deux
59%
Quel club fut fondé au Vingtième Siècle ? Les deux
39%
Quel club fait parler de lui grâce à de nombreuses "Remontadas" en Ligue des Champions ? Les deux
20%
Quel club compte actuellement le plus de joueurs sélectionnés en Équipe de France ? Les deux
9%
Aucun quiz correspondant
Distribution des résultats
% des personnes avec chaque résultat
Percentile par nombre de réponses
Votre historique - résultats
Vous n’avez pas pris ce quiz depuis la dernière actualisation